Statistics for Top Scorers Liga 2016-17

Click here to take the quiz!

General Stats

  • This quiz has been taken 30 times
  • The average score is 9 of 25

Answer Stats

# Player Club Goals % Correct
1Lionel MessiFC Barcelona35
100%
2Luis SuarezFC Barcelona28
100%
3Cristiano RonaldoReal Madrid22
100%
5Antoine GriezmannAtletico Madrid16
91%
9NeymarFC Barcelona13
91%
7Alvaro MorataReal Madrid15
70%
4Iago AspasCelta Vigo18
61%
17IscoReal Madrid10
57%
11Kevin GameiroAtletico Madrid12
57%
5Aritz AdurizAthletic Bilbao16
52%
17Yannick CarrascoAtletico Madrid10
30%
13Cédric BakambuVillarreal11
30%
17Kevin-Prince BoatengLas Palmas10
26%
13Wissam Ben YedderFC Sevilla11
26%
8Sandro RamirezMalaga14
13%
13Ruben CastroBetis Sevilla11
9%
9Gerard MorenoEspanyol13
4%
17Pablo PiattiEspanyol10
4%
17Sergio LeonOsasuna10
4%
17Pedro LeonEibar10
4%
11Willian JoséReal Sociedad12
0%
13Sergi EnrichEibar11
0%
17Juanmi JimenezReal Sociedad10
0%
17Florin AndoneDeportivo La Coruna10
0%
17Raul GarciaAthletic Bilbao10
0%

Score Distribution

Percentile by Number Answered

Percent of People with Each Score

Your Score History

You have not taken this quiz